[Event "Vinnytsia Olkhovsky Memorial 8th"]
[Site "Vinnytsia"]
[Date "2021.07.10"]
[Round "6"]
[White "Shtompel, Yuriy"]
[Black "Bodnar, Nikolay"]
[Result "1-0"]
[WhiteElo "1848"]
[BlackElo "2434"]
[PlyCount "159"]
[EventDate "2021.07.10"]
[EventType "swiss (rapid)"]
[EventRounds "9"]
[EventCountry "UKR"]
[SourceTitle "CBM 203 Extra"]
[Source "ChessBase"]
[SourceDate "2021.09.30"]
[SourceVersion "1"]
[SourceVersionDate "2021.09.30"]
[SourceQuality "1"]

1. e4 c5 2. Nf3 d6 3. d4 Nf6 4. Nc3 cxd4 5. Nxd4 a6 6. Be3 e5 7. Nb3 Be6 8. Qd2 Nbd7 9. 0-0-0 Rc8 10. f4 Qc7 11. Kb1 Be7 12. h3 b5 13. Nd5 Bxd5 14. exd5 Ne4 15. Qd3 Ng3 16. Rg1 0-0 17. Bd2 e4 18. Qc3 Rfe8 19. Qxc7 Rxc7 20. Be3 h5 21. Bf2 h4 22. Nd4 Nf6 23. Bxg3 hxg3 24. Nf5 Nh5 25. Re1 g6 26. Be2 gxf5 27. Bxh5 Bf6 28. Re3 Bh4 29. Rd1 Kg7 30. Rd2 Kh6 31. Be2 Rg8 32. b3 Bf6 33. c4 bxc4 34. Bxc4 a5 35. a4 Kh5 36. Kc2 Kh4 37. Kd1 Rb8 38. Ke2 Bg7 39. Rd1 Bh6 40. Rf1 Rcb7 41. Rc3 Bg7 42. Rc2 Bd4 43. Rd2 Bf2 44. Rc2 Kh5 45. Rd1 Kg6 46. Bb5 Bc5 47. Rc3 Bf2 48. Rc6 Rb6 49. Rdc1 Kf6 50. Rxb6 Rxb6 51. Rc6 Ke7 52. Rc7+ Kf8 53. Rc8+ Kg7 54. Rc6 Bc5 55. Rxb6 Bxb6 56. Kd2 Bc5 57. Kc3 Ba3 58. Kc2 Kf6 59. Be2 Ke7 60. Bb5 Kd8 61. Be2 Bb4 62. Bh5 Ke7 63. Be2 Bc5 64. Kd2 Kd7 65. Bb5+ Kd8 66. Bc4 Kc7 67. Bb5 f6 68. Be8 Bb4+ 69. Ke2 Kb6 70. h4 Kc7 71. h5 Kd8 72. h6 Kxe8 73. h7 Kf7 74. h8Q Kg6 75. Qg8+ Kh6 76. Qxg3 Bc5 77. Qh4+ Kg6 78. Qh8 Bb4 79. Qg8+ Kh6 80. Qf7 1-0